Statistiken für NATO Nachbarländer

Klicken Sie hier um das Quiz zu spielen!

Allgemein

  • Dieses Quiz wurde 3.643 mal gespielt
  • Das Durchschnittsergebnis liegt bei 15 aus 24

Antwortstatistiken

NachbarländerLänder% Korrekt
Norwegen, Polen, +5Russland
94%
Frankreich, Italien, DeutschlandSchweiz
86%
Rumänien, Polen, +2Ukraine
83%
Vereinigte StaatenMexiko
82%
Polen, Lettland, LitauenBelarus
75%
Kroatien, Rumänien, +4Serbien
70%
Spanien, FrankreichAndorra
69%
ItalienVatikanstadt
67%
Deutschland, Italien, +5Österreich
66%
ItalienSan Marino
66%
TürkeiSyrien
65%
TürkeiArmenien
63%
RumänienMoldawien
61%
TürkeiGeorgien
60%
Albanien, Montenegro, NordmazedonienKosovo
60%
FrankreichMonaco
60%
TürkeiAserbaidschan
59%
TürkeiIrak
59%
Kroatien, Montenegro
Bosnien und
Herzegowina
58%
TürkeiIran
58%
Vereinigtes KönigreichIrland
55%
SpanienMarokko
47%
FrankreichBrasilien
34%
FrankreichSuriname
25%

Verteilung der Resultate

Perzentil nach korrekt beantworteten Fragen

Anzahl Personen mit jedem Resultat

Ihre Resultats-Entwicklung

Sie haben dieses Quiz noch nicht gespielt